Italy - Call-ups from foreign teams - Statistics

General Stats
  • This quiz has been taken 27 times
    6 since last reset
  • The average score is 30 of 42
Answer Stats
Country Players Most Capped Player Team % Correct
England 1 Jorginho Arsenal
100%
England 1 Nicolò Zaniolo Aston Villa
100%
Spain 3 Christian Vieri Atletico Madrid
100%
Germany 1 Luca Toni Bayern Munich
100%
Germany 1 Ciro Immobile Borussia Dortmund
100%
England 5 Jorginho Chelsea
100%
France 2 Fabio Grosso Olympique Lyon
100%
France 6 Marco Verratti PSG
100%
Spain 3 Fabio Cannavaro Real Madrid
100%
Spain 5 Stefano Fiore Cristiano Piccini Valencia
100%
England 4 Gianluca Scamacca West Ham
100%
Spain 2 Gianluca Zambrotta Barcelona
80%
England 1 Moise Kean Everton
80%
Germany 1 Vincenzo Grifo Freiburg
80%
Turkey 2 Nicolò Zaniolo Galatasaray
80%
England 1 Wilfried Gnonto Leeds
80%
England 2 Andrea Dossena Liverpool
80%
England 1 Mario Balotelli Manchester City
80%
England 1 Matteo Darmian Manchester United
80%
France 3 Stephan El Shaarawy Monaco
80%
England 2 Davide Santon Sandro Tonali Newcastle
80%
USA 1 Andrea Pirlo New York City
80%
France 1 Mario Balotelli Nice
80%
England 2 Destiny Udogie Tottenham
80%
Spain 2 Giuseppe Rossi Villarreal
80%
Russia 1 Domenico Criscito Zenit Saint Petersburg
80%
Belgium 1 Stefano Okaka Anderlecht
60%
France 1 Fabrizio Ravanelli Olympique Marseille
60%
England 3 Graziano Pellè Southampton
60%
Germany 1 Cristian Molinaro Stuttgart
60%
England 1 Emanuele Giaccherini Sunderland
60%
Argentina 1 Mateo Retegui Tigre
60%
Canada 1 Sebastian Giovinco Toronto
60%
Germany 1 Andrea Barzagli Wolfsburg
60%
Switzerland 1 Wilfried Gnonto Zurich
60%
Ukraine 1 Cristiano Lucarelli Shakhtar Donetsk
40%
China 1 Graziano Pellè Shandong Luneng
40%
England 1 Attilio Lombardo Crystal Palace
20%
Germany 1 Vincenzo Grifo Hoffenheim
20%
England 2 Fabrizio Ravanelli Middlesbrough
20%
China 1 Stephan El Shaarawy Shanghai Shenhua
20%
USA 1 Roberto Donadoni New York Red Bulls
0%
No matching quizzes found
Score Distribution
Percent of People with Each Score
Percentile by Number Answered
Your Score History
You have not taken this quiz since the last reset